|
|
|
|
| LEADER |
01295nam a2200289 4500 |
| 001 |
7063 |
| 003 |
BD-DhAAL |
| 005 |
20150623093917.0 |
| 008 |
150623s2003 mau b 001 0 eng |
| 010 |
|
|
|a 2003042173
|
| 020 |
|
|
|a 0072818867
|
| 040 |
|
|
|a DLC
|c DLC
|d DLC
|d BD-DhAAL
|
| 050 |
0 |
0 |
|a B29
|b .F5314 2003
|
| 082 |
0 |
0 |
|a 100
|2 21
|
| 245 |
0 |
0 |
|a Fifty readings in philosophy /
|c [compiled by] Donald C. Abel.
|
| 250 |
|
|
|a 2nd ed.
|
| 260 |
|
|
|a Boston, Mass. :
|b McGraw-Hill,
|c 2003.
|
| 300 |
|
|
|a xiv, 504, [7] p. ;
|c 24 cm.
|
| 504 |
|
|
|a Includes bibliographical references and index.
|
| 541 |
|
|
|e 7063
|
| 650 |
|
0 |
|a Philosophy
|v Textbooks.
|9 12359
|
| 700 |
1 |
|
|a Abel, Donald C.,
|d 1948-
|9 12360
|
| 942 |
|
|
|2 ddc
|c BK
|
| 999 |
|
|
|c 34808
|d 34808
|
| 952 |
|
|
|0 0
|1 0
|2 ddc
|4 0
|6 100_000000000000000_FIF
|7 0
|9 54461
|a SCL
|b SCL
|c GEN
|d 2015-06-23
|e Gift: The Asia Foundation
|l 10
|m 12
|o 100 FIF
|p 3020007063
|r 2025-07-24
|s 2025-07-22
|t 1
|w 2015-06-23
|y BK
|
| 952 |
|
|
|0 0
|1 0
|2 ddc
|4 0
|6 100_000000000000000_FIF
|7 0
|9 54478
|a SCL
|b SCL
|c GEN
|d 2015-06-23
|e Gift: The Asia Foundation
|l 7
|m 11
|o 100 FIF
|p 3020007064
|r 2025-08-09
|s 2025-07-27
|t 2
|w 2015-06-23
|y BK
|
| 952 |
|
|
|0 0
|1 0
|2 ddc
|4 0
|6 100_000000000000000_FIF
|7 0
|9 54479
|a SCL
|b SCL
|c GEN
|d 2015-06-23
|e Gift: The Asia Foundation
|l 6
|m 23
|o 100 FIF
|p 3020007065
|r 2024-04-02
|s 2024-02-23
|t 3
|w 2015-06-23
|y BK
|